[Event "FRA-chTA U20 1011"]
[Site "France"]
[Date "2010.11.21"]
[Round "3.6"]
[White "Chevalier, Ezio"]
[Black "Le Cour, Hugo"]
[Result "1/2-1/2"]
[WhiteElo "1640"]
[BlackElo "1372"]
[PlyCount "112"]
[EventDate "2010.11.21"]
[EventType "team-tourn"]
[EventRounds "7"]
[EventCountry "FRA"]
[SourceTitle "EXT 2012"]
[Source "ChessBase"]
[SourceDate "2011.11.24"]
[SourceVersion "1"]
[SourceVersionDate "2011.11.24"]
[SourceQuality "1"]
[WhiteTeam "Creteil"]
[BlackTeam "AECE"]
[WhiteTeamCountry "FRA"]
[BlackTeamCountry "FRA"]

1. d4 Nf6 2. c4 g6 3. Nc3 Bg7 4. e4 d6 5. f3 0-0 6. Bg5 c5 7. d5 e6 8. Qd2 exd5 9. cxd5 Nbd7 10. Nge2 Re8 11. g4 Ne5 12. Bg2 a6 13. a4 Qc7 14. Ng3 Nfd7 15. h4 Nc4 16. Qc1 Nde5 17. Ke2 Qb6 18. Rb1 Qb3 19. h5 Bd7 20. hxg6 fxg6 21. Qd1 Qb4 22. Qc2 Rf8 23. b3 Na3 24. Qd2 Nxb1 25. Rxb1 Rf7 26. Qc2 Raf8 27. Na2 Qb6 28. Rf1 Nxf3 29. Bxf3 Rxf3 30. Rxf3 Bxg4 31. Ke1 Rxf3 32. Nf1 Qa5+ 33. Nd2 Rf7 34. Qd3 Rf3 35. Qc2 Bd4 36. b4 cxb4 37. Nxf3 b3+ 38. Bd2 bxc2 39. Bxa5 Bxf3 40. Kd2 Bxe4 41. Nb4 Bc3+ 42. Kc1 Bxb4 43. Bxb4 Bxd5 44. Bxd6 Bb3 45. a5 h5 46. Bf4 Kg7 47. Kb2 Bd5 48. Kxc2 Bc6 49. Kd3 Kf6 50. Ke3 g5 51. Bc7 Kf5 52. Kf2 g4 53. Kg3 Kg5 54. Bd8+ Kg6 55. Kh4 Be8 56. Bc7 Kf5 1/2-1/2